00549 a2200169 4500003000400000005001700004008004100021040000900062082002000071245003900091250001200130260003200142300001000174942004600184952013200230999001700362OSt20240127105332.0240127b |||||||| |||| 00| 0 eng d coclc a704.9489bMAJ/I aIslamika Kala /cA.K. Abdul Majeed a2nd ed. aCalicut:bIPB Books,c2022. a242p. 2ddccBKh704.9489iMAJ/Ik704.9489mMAJ/I 00102ddc40708ARTSaMESbMEScISLd2024-01-27l0o704.9489 MAJ/Ip44985r2024-01-27 10:53:02v240.00w2024-01-27yBKzGL47R2 c43323d43323